Sports Quiz

Random Sports or Tennis Quiz

Most Hard Court Tennis Titles Quiz Stats

 Plays Quiz not verified by Sporcle

Score 0/13 Timer 03:00
0 Plays Today
# Titles Player % Correct
67*Roger Federer
100%
51*Novak Djokovic
93.3%
49Jimmy Connors
82.5%
33*Andy Murray
80%
38Pete Sampras
79.2%
48Andre Agassi
78.3%
31Ivan Lendl
71.7%
23Stefan Edberg
54.2%
22John McEnroe
54.2%
20Boris Becker
35.8%
21Andy Roddick
30.8%
21Lleyton Hewitt
28.3%
21Michael Chang
16.7%

You're not logged in!

Compare scores with friends on all Sporcle quizzes.
OR
Log In

Sporcle TV

Today on Sporcle TV


Watch our educational content, quiz creation guides, and fun videos on Sporcle TV.

Show Comments

Extras

Top Quizzes Today


Score Distribution

Your Account Isn't Verified!

In order to create a playlist on Sporcle, you need to verify the email address you used during registration. Go to your Sporcle Settings to finish the process.

Report this User

Report this user for behavior that violates our Community Guidelines.

Details: